000 00320nam a2200145Ia 4500
100 _aDGET
650 _aCarpentery
942 _cBK
654 _aTurner 2nd Year Asssignment Test
245 _aTurner 2nd Year Asssignment Test
260 _bWILEY EASTERN LIMITED
300 _a47
546 _aENGLISH
999 _c25896
_d25896